[Event "Dortmund Sparkassen op-B 47th"]
[Site "Dortmund"]
[Date "2019.07.20"]
[Round "8"]
[White "Vestrick, Frank"]
[Black "Eichstaedt, Enrico"]
[Result "1/2-1/2"]
[WhiteElo "1695"]
[BlackElo "1864"]
[PlyCount "109"]
[EventDate "2019.07.13"]
[EventType "swiss"]
[EventRounds "9"]
[EventCountry "GER"]
[SourceTitle "CBM 192 Extra"]
[Source "Chessbase"]
[SourceDate "2019.11.06"]
[SourceVersion "1"]
[SourceVersionDate "2019.11.06"]
[SourceQuality "1"]

1. d4 Nf6 2. c4 c5 3. d5 b5 4. cxb5 a6 5. f3 g6 6. e4 d6 7. Bd3 Nbd7 8. Na3 Bg7 9. Ne2 0-0 10. 0-0 Ne5 11. Nc3 Nxd3 12. Qxd3 axb5 13. Naxb5 Ba6 14. Bd2 Nd7 15. Rfb1 Qb6 16. a4 Rfb8 17. Qc2 Ne5 18. Be3 Nc4 19. Bf2 Qb7 20. Ra2 Bxb5 21. Nxb5 Nb6 22. b3 Rc8 23. Na3 Qa6 24. Nc4 Nxc4 25. bxc4 Rcb8 26. Rb5 Rb7 27. Be1 Bd4+ 28. Kf1 Rba7 29. Qb3 Qc8 30. a5 f5 31. exf5 Qxf5 32. Rb8+ Kg7 33. Rxa8 Rxa8 34. Re2 Bf6 35. Bc3 Kf7 36. Bxf6 Qxf6 37. Ra2 Qf4 38. g3 Qd4 39. Kg2 Rxa5 40. Rxa5 Qd2+ 41. Kh3 Qxa5 42. Qe3 Qa6 43. Qe4 Qc8+ 44. g4 h5 45. Qf4+ Kg7 46. Qg5 hxg4+ 47. fxg4 Qf8 48. Kg2 Qf7 49. Qe3 Qf6 50. g5 Qb2+ 51. Kg3 Kf8 52. Qf4+ Kg7 53. Qe4 Qb3+ 54. Kh4 Kf8 55. Qf4+ 1/2-1/2

[Event "Blankenese op 2nd"]
[Site "Hamburg"]
[Date "2018.10.03"]
[Round "7.17"]
[White "Eichstaedt, Enrico"]
[Black "Raedisch, Peter"]
[Result "1-0"]
[WhiteElo "1943"]
[BlackElo "1659"]
[PlyCount "115"]
[EventDate "2018.09.29"]
[EventType "swiss"]
[EventRounds "7"]
[EventCountry "GER"]
[SourceTitle "EXT 2020"]
[Source "ChessBase"]
[SourceDate "2019.10.17"]
[SourceVersion "1"]
[SourceVersionDate "2019.10.17"]
[SourceQuality "1"]

1. e4 e5 2. Nc3 a6 3. g3 Bc5 4. Bg2 Nf6 5. Nge2 d6 6. h3 Be6 7. 0-0 Nh5 8. d4 Ba7 9. dxe5 dxe5 10. Qxd8+ Kxd8 11. g4 Nf6 12. Bg5 Nbd7 13. Nd5 h6 14. Bh4 g5 15. Bg3 Ne8 16. Rfd1 Nd6 17. b3 c6 18. Ne3 Ke7 19. Nf5+ Bxf5 20. exf5 f6 21. Rd2 Rad8 22. Rad1 Nb8 23. Nc3 Nb5 24. Nxb5 Rxd2 25. Rxd2 axb5 26. Bf1 Rd8 27. Rxd8 Kxd8 28. Kg2 Na6 29. c3 Nc7 30. c4 b4 31. f3 Bd4 32. Bd3 b5 33. cxb5 Nxb5 34. Bxb5 cxb5 35. Kf1 Kc7 36. Ke2 Kc6 37. Kd3 Kd5 38. Be1 Bc5 39. h4 Bd6 40. h5 Bc5 41. Bd2 Bd6 42. Bc1 Bc5 43. Bb2 Bd6 44. Ke2 Be7 45. Kd3 Bf8 46. Bc1 Be7 47. Bd2 Bf8 48. Be1 Bd6 49. Bf2 Bf8 50. Bb6 Be7 51. Ba5 Kc6 52. Ke4 Kd7 53. Kd5 Bd6 54. Bd8 e4 55. fxe4 Be5 56. Bb6 Bc3 57. Bc5 Bd2 58. Bf8 1-0

[Event "Blankenese op 2nd"]
[Site "Hamburg"]
[Date "2018.10.01"]
[Round "5.20"]
[White "Eichstaedt, Enrico"]
[Black "Hackbarth, Bjoern"]
[Result "1-0"]
[WhiteElo "1943"]
[BlackElo "1801"]
[PlyCount "57"]
[EventDate "2018.09.29"]
[EventType "swiss"]
[EventRounds "7"]
[EventCountry "GER"]
[SourceTitle "EXT 2020"]
[Source "ChessBase"]
[SourceDate "2019.10.17"]
[SourceVersion "1"]
[SourceVersionDate "2019.10.17"]
[SourceQuality "1"]

1. e4 e5 2. Nc3 Nf6 3. g3 Bc5 4. Bg2 0-0 5. Nge2 a5 6. 0-0 d6 7. h3 Be6 8. d3 Nbd7 9. Kh2 Nb6 10. f4 exf4 11. Nxf4 d5 12. Nxe6 fxe6 13. Bg5 Be7 14. exd5 exd5 15. Bf4 c6 16. Ne2 Bd6 17. Qd2 Bxf4 18. Nxf4 Qd6 19. Rae1 Rfe8 20. Rxe8+ Nxe8 21. Re1 Nc7 22. Qc3 d4 23. Qb3+ Nbd5 24. Nxd5 Nxd5 25. Qc4 Rd8 26. Qxd4 Qh6 27. Bxd5+ Rxd5 28. Qe4 Qh5 29. Qe6+ 1-0

[Event "Blankenese op 2nd"]
[Site "Hamburg"]
[Date "2018.09.30"]
[Round "3.21"]
[White "Eichstaedt, Enrico"]
[Black "Cieslak, Mark"]
[Result "1-0"]
[WhiteElo "1943"]
[BlackElo "1759"]
[PlyCount "129"]
[EventDate "2018.09.29"]
[EventType "swiss"]
[EventRounds "7"]
[EventCountry "GER"]
[SourceTitle "EXT 2020"]
[Source "ChessBase"]
[SourceDate "2019.10.17"]
[SourceVersion "1"]
[SourceVersionDate "2019.10.17"]
[SourceQuality "1"]

1. e4 e5 2. Nc3 d6 3. g3 Ne7 4. Bg2 Nbc6 5. d3 Be6 6. Nge2 Qd7 7. h3 h5 8. Be3 g6 9. Qd2 Bg7 10. 0-0-0 Nd4 11. Kb1 c6 12. f4 b5 13. Rdf1 b4 14. Nd1 c5 15. b3 Nxe2 16. Qxe2 exf4 17. gxf4 0-0-0 18. Bd2 Nc6 19. c3 a5 20. Qf2 bxc3 21. Bxc3 Bd4 22. Bxd4 Nxd4 23. Nc3 Kc7 24. Ka1 Rb8 25. Rb1 Rb4 26. Rhc1 Bxb3 27. axb3 Nxb3+ 28. Rxb3 Rxb3 29. Qa2 a4 30. Nd5+ Kd8 31. Rb1 Qb7 32. Rxb3 axb3 33. Qb2 Qa6+ 34. Kb1 Qxd3+ 35. Kc1 Kd7 36. Qc3 Qxc3+ 37. Nxc3 Rb8 38. Kb2 Ke6 39. h4 c4 40. Bf1 Rc8 41. Nd5 Rc5 42. Ne3 c3+ 43. Kxb3 f5 44. Bc4+ Kf6 45. Kxc3 fxe4 46. Kd4 Ra5 47. Kxe4 Ra1 48. Bf1 Ra4+ 49. Kf3 Rd4 50. Bh3 Kf7 51. Bg2 Ke7 52. Kg3 Rd3 53. Kf2 Rd2+ 54. Kf3 Rd4 55. Ke2 Kd7 56. Bh3+ Kc7 57. Kf3 d5 58. Be6 Kd6 59. Bf7 g5 60. Nf5+ Kc5 61. Nxd4 g4+ 62. Ke3 g3 63. Ne2 d4+ 64. Nxd4 g2 65. Ne2 1-0

[Event "Hamburg St Pauli op-A"]
[Site "Hamburg"]
[Date "2015.07.21"]
[Round "5"]
[White "Eichstaedt, Enrico"]
[Black "Luebeck, Stephan"]
[Result "1/2-1/2"]
[WhiteElo "1965"]
[BlackElo "2099"]
[PlyCount "51"]
[EventDate "2015.07.18"]
[EventType "swiss"]
[EventRounds "9"]
[EventCountry "GER"]
[SourceTitle "EXT 2016"]
[Source "ChessBase"]
[SourceDate "2015.10.08"]
[SourceVersion "1"]
[SourceVersionDate "2015.10.08"]
[SourceQuality "1"]

1. e4 g6 2. d4 Bg7 3. Be3 d6 4. Nc3 c6 5. Qd2 b5 6. 0-0-0 Nf6 7. f3 Nbd7 8. Kb1 Qa5 9. Nce2 Qxd2 10. Bxd2 Nb6 11. Nc1 Nc4 12. Bxc4 bxc4 13. Nge2 a5 14. Rhe1 0-0 15. Bc3 Nd7 16. d5 c5 17. Bxg7 Kxg7 18. Nc3 a4 19. a3 g5 20. h4 h6 21. hxg5 hxg5 22. N1e2 Ne5 23. Rh1 Bd7 24. Rh5 f6 25. Rdh1 Rh8 26. Rxh8 1/2-1/2

[Event "Mecklenburg VP VL 1112"]
[Site "Mecklenburg VP"]
[Date "2012.02.26"]
[Round "7.6"]
[White "Eichstaedt, Enrico"]
[Black "Krueger, Gerhard"]
[Result "1-0"]
[WhiteElo "1861"]
[BlackElo "1908"]
[PlyCount "57"]
[EventDate "2011.10.02"]
[EventType "team-tourn"]
[EventRounds "9"]
[EventCountry "GER"]
[SourceTitle "EXT 2022"]
[Source "ChessBase"]
[SourceDate "2021.10.06"]
[SourceVersion "1"]
[SourceVersionDate "2021.10.06"]
[SourceQuality "1"]
[WhiteTeam "Wismar ASV Gruen-Weiss"]
[BlackTeam "Schwerin SF"]
[WhiteTeamCountry "GER"]
[BlackTeamCountry "GER"]

1. e4 c5 2. c3 b6 3. d4 Bb7 4. Bd3 e6 5. Nf3 Nf6 6. Bg5 h6 7. Bxf6 Qxf6 8. 0-0 g5 9. Re1 Nc6 10. e5 Qg7 11. Be4 0-0-0 12. Qa4 Kb8 13. dxc5 Bxc5 14. b4 Be7 15. Na3 f5 16. Bxc6 Bxc6 17. Nb5 Bxb5 18. Qxb5 Kb7 19. Rad1 Bf8 20. c4 a6 21. Qa4 Qe7 22. c5 b5 23. Qa5 Ra8 24. Qb6+ Kc8 25. c6 dxc6 26. Rd6 Ra7 27. Red1 Bg7 28. Rxc6+ Rc7 29. Rdc1 1-0

[Event "Mecklenburg VP LL2 West 0910"]
[Site "Mecklenburg VP"]
[Date "2009.11.15"]
[Round "2.1"]
[White "Eichstaedt, Enrico"]
[Black "Mueller, Axel"]
[Result "1-0"]
[WhiteElo "1898"]
[BlackElo "1942"]
[PlyCount "103"]
[EventDate "2009.10.18"]
[EventType "team-tourn"]
[EventRounds "9"]
[EventCountry "GER"]
[SourceTitle "EXT 2016"]
[Source "ChessBase"]
[SourceDate "2015.10.08"]
[SourceVersion "1"]
[SourceVersionDate "2015.10.08"]
[SourceQuality "1"]
[WhiteTeam "Neukloster IV"]
[BlackTeam "Putlitz"]
[WhiteTeamCountry "GER"]
[BlackTeamCountry "GER"]

1. e4 d5 2. exd5 Qxd5 3. Nc3 Qa5 4. d4 Nf6 5. Nf3 Bg4 6. Bd2 c6 7. Bc4 e6 8. Qe2 Bb4 9. 0-0-0 Nd5 10. Nxd5 Bxd2+ 11. Rxd2 cxd5 12. Bb3 Nd7 13. h3 Bf5 14. g4 Bg6 15. Ne5 Nf6 16. f3 0-0-0 17. h4 h6 18. Nxg6 fxg6 19. Qxe6+ Kb8 20. Qe5+ Ka8 21. Re1 Rhe8 22. Qg3 Rxe1+ 23. Qxe1 Re8 24. Qf1 g5 25. hxg5 hxg5 26. Re2 Qc7 27. Rxe8+ Nxe8 28. Qe2 Qf4+ 29. Kb1 Nc7 30. c3 a6 31. a3 Ka7 32. Qe5 Qxe5 33. dxe5 Kb6 34. Kc2 Kc5 35. Kd3 b5 36. a4 Ne6 37. axb5 axb5 38. Ba2 Nf4+ 39. Ke3 Ng2+ 40. Kf2 Nf4 41. b4+ Kc6 42. Ke3 Ne6 43. Bb1 Nf4 44. Bh7 Ne6 45. Bg8 Nf4 46. Bf7 Kd7 47. Kd4 Kc6 48. Be8+ Kb6 49. Bd7 g6 50. e6 Kc7 51. Ke5 Kd8 52. Kd6 1-0

[Event "Rostock op"]
[Site "Rostock"]
[Date "2009.08.29"]
[Round "5"]
[White "Eichstaedt, Enrico"]
[Black "Luther, Alexander"]
[Result "1-0"]
[WhiteElo "1890"]
[BlackElo "1689"]
[PlyCount "107"]
[EventDate "2009.08.27"]
[EventType "swiss"]
[EventRounds "7"]
[EventCountry "GER"]
[SourceTitle "CBM 132 Extra"]
[Source "ChessBase"]
[SourceDate "2009.11.03"]
[SourceVersion "1"]
[SourceVersionDate "2009.11.03"]
[SourceQuality "1"]

1. e4 c5 2. c3 d5 3. exd5 Qxd5 4. d4 Nf6 5. Nf3 Bg4 6. Be2 e6 7. 0-0 Nc6 8. Be3 cxd4 9. cxd4 Be7 10. Nc3 Qd8 11. Qb3 Qc7 12. Rfd1 0-0 13. h3 Bf5 14. Rac1 Rfd8 15. d5 exd5 16. Nxd5 Nxd5 17. Rxd5 Rxd5 18. Qxd5 Be6 19. Qe4 Qa5 20. Bd3 g6 21. Nd4 Nxd4 22. Bxd4 Rd8 23. Bc4 Bxc4 24. Rxc4 Bd6 25. Bf6 Qxa2 26. g3 Rf8 27. Bg5 Qxb2 28. Bh6 Rd8 29. Rd4 Qb6 30. Bg5 Rc8 31. Qd5 Bf8 32. Rf4 Qe6 33. Qxb7 Rc1+ 34. Kg2 Qc6+ 35. Qxc6 Rxc6 36. Ra4 a6 37. Kf3 Re6 38. Rc4 a5 39. Rc8 Kg7 40. Ra8 Bb4 41. Bd8 Re1 42. Ra7 Ra1 43. Bb6 Bc3 44. Ke4 Ra2 45. h4 a4 46. Bc5 Bb2 47. Ra8 f5+ 48. Kd5 a3 49. Ke6 Kh6 50. Ra7 Bg7 51. Be3+ g5 52. Kxf5 Re2 53. hxg5+ Kh5 54. Rxg7 1-0

[Event "Rostock op"]
[Site "Rostock"]
[Date "2009.08.29"]
[Round "6"]
[White "Hamann, Dirk"]
[Black "Eichstaedt, Enrico"]
[Result "0-1"]
[WhiteElo "2048"]
[BlackElo "1890"]
[PlyCount "114"]
[EventDate "2009.08.27"]
[EventType "swiss"]
[EventRounds "7"]
[EventCountry "GER"]
[SourceTitle "CBM 132 Extra"]
[Source "ChessBase"]
[SourceDate "2009.11.03"]
[SourceVersion "1"]
[SourceVersionDate "2009.11.03"]
[SourceQuality "1"]

1. e4 c5 2. Nf3 d6 3. d4 cxd4 4. Nxd4 Nf6 5. Nc3 g6 6. f3 Bg7 7. Be3 0-0 8. Qd2 Nc6 9. 0-0-0 Nxd4 10. Bxd4 Be6 11. Kb1 Qc7 12. g4 Rfc8 13. g5 Nh5 14. Bxg7 Nxg7 15. Ne2 Qc4 16. b3 Qc5 17. Ng3 a5 18. a4 Qa3 19. Qc1 Qb4 20. Qb2 Rc3 21. Rd3 Rac8 22. Be2 Rxd3 23. Bxd3 Qc5 24. Qc1 Qb4 25. Qb2 Qd2 26. Qc1 Qf2 27. Qf1 Qc5 28. f4 Qa3 29. Qc1 Qb4 30. Qb2 Rc5 31. h4 Bg4 32. c4 Nh5 33. Nxh5 Bxh5 34. f5 Re5 35. Ka2 Qc5 36. Rh2 Bf3 37. h5 Bxh5 38. Be2 Bxe2 39. Rxe2 Qg1 40. Rg2 Qe3 41. fxg6 hxg6 42. Rh2 Qxg5 43. Qc3 Qg4 44. c5 Rh5 45. Rxh5 Qxh5 46. Qxa5 Qe2+ 47. Ka3 Qxe4 48. cxd6 exd6 49. Qd8+ Kg7 50. Qxd6 g5 51. a5 g4 52. b4 Qf3+ 53. Ka4 g3 54. b5 Qe4+ 55. Ka3 Qe3+ 56. Kb4 g2 57. a6 bxa6 0-1

[Event "Mecklenburg VP LL2 West 0809"]
[Site "Mecklenburg VP"]
[Date "2008.12.14"]
[Round "4.5"]
[White "Wolf, Christoph"]
[Black "Eichstaedt, Enrico"]
[Result "1/2-1/2"]
[WhiteElo "1936"]
[BlackElo "1876"]
[PlyCount "37"]
[EventDate "2008.10.05"]
[EventType "team-tourn"]
[EventRounds "9"]
[EventCountry "GER"]
[SourceTitle "EXT 2022"]
[Source "ChessBase"]
[SourceDate "2021.10.06"]
[SourceVersion "1"]
[SourceVersionDate "2021.10.06"]
[SourceQuality "1"]
[WhiteTeam "Putlitzer SV 1921"]
[BlackTeam "Neukloster III"]
[WhiteTeamCountry "GER"]
[BlackTeamCountry "GER"]

1. e4 c5 2. Nf3 d6 3. d4 cxd4 4. Nxd4 Nf6 5. Nc3 g6 6. Be3 Bg7 7. Be2 0-0 8. 0-0 Nc6 9. f4 Bd7 10. Bf3 a6 11. Qd2 Qc7 12. Nb3 Rab8 13. a4 Na5 14. Nxa5 Qxa5 15. Nd5 Qd8 16. Bb6 Qe8 17. Nc7 Qc8 18. h3 Bc6 19. Nd5 1/2-1/2

[Event "Mecklenburg VP LL2 West 0708"]
[Site "Mecklenburg VP"]
[Date "2008.01.20"]
[Round "5.5"]
[White "Eichstaedt, Enrico"]
[Black "Schreiber, Thomas"]
[Result "1/2-1/2"]
[WhiteElo "1851"]
[BlackElo "1897"]
[PlyCount "22"]
[EventDate "2007.10.21"]
[EventType "team-tourn"]
[EventRounds "9"]
[EventCountry "GER"]
[SourceTitle "EXT 2016"]
[Source "ChessBase"]
[SourceDate "2015.10.08"]
[SourceVersion "1"]
[SourceVersionDate "2015.10.08"]
[SourceQuality "1"]
[WhiteTeam "Neukloster III"]
[BlackTeam "Wismar ASV Gruen-Weiss II"]
[WhiteTeamCountry "GER"]
[BlackTeamCountry "GER"]

1. e4 d5 2. exd5 Qxd5 3. Nf3 Bg4 4. Be2 Nc6 5. 0-0 Nf6 6. Nc3 Qd7 7. d3 e6 8. Be3 Be7 9. a3 0-0 10. h3 Bh5 11. Qd2 a6 1/2-1/2

[Event "Mecklenburg VP LL2 West 0708"]
[Site "Mecklenburg VP"]
[Date "2007.10.21"]
[Round "1.3"]
[White "Roehl, Rainer"]
[Black "Eichstaedt, Enrico"]
[Result "1-0"]
[WhiteElo "2078"]
[BlackElo "1851"]
[PlyCount "57"]
[EventDate "2007.10.21"]
[EventType "team-tourn"]
[EventRounds "9"]
[EventCountry "GER"]
[SourceTitle "EXT 2016"]
[Source "ChessBase"]
[SourceDate "2015.10.08"]
[SourceVersion "1"]
[SourceVersionDate "2015.10.08"]
[SourceQuality "1"]
[WhiteTeam "Neukloster II"]
[BlackTeam "Neukloster III"]
[WhiteTeamCountry "GER"]
[BlackTeamCountry "GER"]

1. d4 Nf6 2. Nf3 g6 3. Bf4 Bg7 4. Nbd2 0-0 5. e3 d6 6. Be2 Nbd7 7. h3 c5 8. c3 a6 9. a4 Rb8 10. Nb3 cxd4 11. exd4 Nd5 12. Bh2 Nc7 13. 0-0 e5 14. dxe5 dxe5 15. Qd6 Ne8 16. Qb4 b6 17. Rad1 Qc7 18. Rfe1 Nef6 19. Qc4 Ne8 20. Bf1 Qxc4 21. Bxc4 b5 22. axb5 axb5 23. Bd5 Nc7 24. Bc6 Nb6 25. Nxe5 Be6 26. Nd4 Bxe5 27. Bxe5 Nbd5 28. Nxe6 fxe6 29. Bxd5 1-0

[Event "Greifswald Ryck op 10th"]
[Site "Greifswald"]
[Date "2007.08.24"]
[Round "3"]
[White "Eichstaedt, Enrico"]
[Black "Duetsch, Gerald"]
[Result "1/2-1/2"]
[WhiteElo "1922"]
[BlackElo "2028"]
[PlyCount "63"]
[EventDate "2007.08.23"]
[EventType "swiss"]
[EventRounds "7"]
[EventCountry "GER"]
[SourceTitle "EXT 2008"]
[Source "ChessBase"]
[SourceDate "2007.11.25"]
[SourceVersion "1"]
[SourceVersionDate "2007.11.25"]
[SourceQuality "1"]

1. e4 e6 2. d4 d5 3. Nc3 Nf6 4. Bg5 Be7 5. e5 Nfd7 6. Bxe7 Qxe7 7. f4 c5 8. Nf3 Nc6 9. Nb5 0-0 10. c3 a6 11. Nd6 f6 12. Be2 b5 13. 0-0 Nb6 14. Qe1 cxd4 15. cxd4 Nc4 16. Bxc4 bxc4 17. b3 cxb3 18. Qc3 b2 19. Rab1 Na7 20. Rxb2 Nb5 21. Nxb5 axb5 22. Rc1 Bd7 23. Qc5 Qf7 24. Qd6 Rfc8 25. Rbc2 Rxc2 26. Rxc2 Qg6 27. Rb2 Rxa2 28. Qxd7 Rxb2 29. Qd8+ Kf7 30. Qd7+ Kf8 31. Qd6+ Kg8 32. Qd8+ 1/2-1/2

[Event "Greifswald Ryck op 10th"]
[Site "Greifswald"]
[Date "2007.08.24"]
[Round "4"]
[White "Romoth, Lars"]
[Black "Eichstaedt, Enrico"]
[Result "1-0"]
[WhiteElo "1711"]
[BlackElo "1922"]
[PlyCount "85"]
[EventDate "2007.08.23"]
[EventType "swiss"]
[EventRounds "7"]
[EventCountry "GER"]
[SourceTitle "EXT 2008"]
[Source "ChessBase"]
[SourceDate "2007.11.25"]
[SourceVersion "1"]
[SourceVersionDate "2007.11.25"]
[SourceQuality "1"]

1. e4 e6 2. d4 d5 3. exd5 exd5 4. Bd3 Bd6 5. Qf3 c6 6. Ne2 Ne7 7. 0-0 Qc7 8. Bf4 Be6 9. Nd2 Nd7 10. Qg3 Bxf4 11. Nxf4 0-0 12. Rae1 Nf5 13. Nxe6 Qxg3 14. fxg3 fxe6 15. c3 Rf6 16. Nf3 h6 17. g4 Nd6 18. g5 hxg5 19. Nxg5 Re8 20. Rxf6 gxf6 21. Rxe6 Rxe6 22. Nxe6 Kf7 23. Nf4 f5 24. h4 Nf6 25. Nh3 Ng4 26. Nf2 Ne3 27. Kh2 Kf6 28. Kh3 Kg7 29. Kg3 Ne4+ 30. Kf3 Nxf2 31. Kxe3 Nd1+ 32. Kf4 Nxb2 33. Bxf5 Nd1 34. g4 Nxc3 35. g5 Nb5 36. Ke5 a5 37. h5 a4 38. h6+ Kh8 39. g6 Nc7 40. Be6 Nxe6 41. Kxe6 Kg8 42. Kf6 b5 43. h7+ 1-0

[Event "Mecklenburg VP-ch Meister"]
[Site "Nakensdorf"]
[Date "2007.04.09"]
[Round "9.6"]
[White "Stubbe, Wilko"]
[Black "Eichstaedt, Enrico"]
[Result "1-0"]
[WhiteElo "2106"]
[BlackElo "1838"]
[PlyCount "76"]
[EventDate "2007.04.05"]
[EventType "swiss"]
[EventRounds "9"]
[EventCountry "GER"]
[SourceTitle "EXT 2015"]
[Source "ChessBase"]
[SourceDate "2014.11.20"]
[SourceVersion "1"]
[SourceVersionDate "2014.11.20"]
[SourceQuality "1"]

1. e4 e5 2. Bc4 Bc5 3. d3 Nc6 4. Nc3 d6 5. Nge2 Nge7 6. Be3 Bb6 7. 0-0 0-0 8. Bxb6 axb6 9. f4 Bg4 10. f5 Nd4 11. h3 Bxe2 12. Nxe2 Nxe2+ 13. Qxe2 d5 14. Bb3 dxe4 15. dxe4 Qd4+ 16. Rf2 Nc6 17. c3 Qc5 18. Qg4 Rfd8 19. f6 g6 20. Qh4 Rd2 21. Raf1 Rxf2 22. Rxf2 Qf8 23. Qg5 Rd8 24. h4 Kh8 25. h5 h6 26. Qg3 g5 27. Bd5 Re8 28. b4 Nd8 29. Rd2 b5 30. a3 c5 31. Qd3 c4 32. Qe3 Ne6 33. Qb6 Nf4 34. Qxb7 Nxd5 35. Qxd5 Ra8 36. Qxb5 Rxa3 37. Qxc4 Ra1+ 38. Kh2 Ra6 1-0

[Event "Mecklenburg VP-ch Meister"]
[Site "Nakensdorf"]
[Date "2007.04.06"]
[Round "4.5"]
[White "Eichstaedt, Enrico"]
[Black "Roehl, Rainer"]
[Result "0-1"]
[WhiteElo "1838"]
[BlackElo "2168"]
[PlyCount "58"]
[EventDate "2007.04.05"]
[EventType "swiss"]
[EventRounds "9"]
[EventCountry "GER"]
[SourceTitle "EXT 2015"]
[Source "ChessBase"]
[SourceDate "2014.11.20"]
[SourceVersion "1"]
[SourceVersionDate "2014.11.20"]
[SourceQuality "1"]

1. e4 c5 2. c3 b6 3. d4 Bb7 4. Bd3 Nf6 5. d5 c4 6. Bc2 e6 7. dxe6 fxe6 8. Bg5 Be7 9. Nd2 0-0 10. Ngf3 Nh5 11. Bxe7 Qxe7 12. Nxc4 Nf4 13. Ne3 Ba6 14. Qd2 Nxg2+ 15. Nxg2 Rxf3 16. 0-0-0 Qf7 17. Qd4 Rxf2 18. Rhg1 Be2 19. Rde1 Nc6 20. Qe3 Ba6 21. e5 Rf8 22. Qh3 g6 23. Nh4 Qf4+ 24. Kb1 Rxh2 25. Nxg6 hxg6 26. Rxg6+ Kf7 27. Rf6+ Ke7 28. Rxf4 Rxh3 29. Rg4 Nxe5 0-1

[Event "Mecklenburg VP-ch Meister"]
[Site "Nakensdorf"]
[Date "2007.04.05"]
[Round "1.14"]
[White "Priss, Wolfgang"]
[Black "Eichstaedt, Enrico"]
[Result "0-1"]
[WhiteElo "1381"]
[BlackElo "1838"]
[PlyCount "50"]
[EventDate "2007.04.05"]
[EventType "swiss"]
[EventRounds "9"]
[EventCountry "GER"]
[SourceTitle "EXT 2015"]
[Source "ChessBase"]
[SourceDate "2014.11.20"]
[SourceVersion "1"]
[SourceVersionDate "2014.11.20"]
[SourceQuality "1"]

1. e4 e5 2. Nf3 Nc6 3. Bb5 a6 4. Ba4 Nf6 5. 0-0 b5 6. Bb3 Be7 7. Re1 0-0 8. c3 d5 9. d4 dxe4 10. Nxe5 Nxe5 11. dxe5 Qxd1 12. Rxd1 Ng4 13. Bf4 Bc5 14. Bg3 e3 15. Bd5 Rb8 16. h3 exf2+ 17. Kh1 Ne3 18. Bxf2 Nxd1 19. Bxc5 Rd8 20. Ba7 Rxd5 21. Bxb8 Nxb2 22. Na3 Rd2 23. Kg1 Bb7 24. g4 Nd1 25. Ba7 Nxc3 0-1

[Event "Rostock  PSV op 05th"]
[Site "Rostock"]
[Date "2005.08.28"]
[Round "7"]
[White "Glebow, Roman"]
[Black "Eichstaedt, Enrico"]
[Result "1-0"]
[WhiteElo "1589"]
[BlackElo "1804"]
[PlyCount "55"]
[EventDate "2005.08.25"]
[EventType "swiss"]
[EventRounds "7"]
[EventCountry "GER"]
[SourceTitle "EXT 2007"]
[Source "ChessBase"]
[SourceDate "2006.11.23"]
[SourceVersion "1"]
[SourceVersionDate "2006.11.23"]
[SourceQuality "1"]

1. e4 e5 2. Nf3 Nc6 3. Bc4 Bc5 4. c3 Nf6 5. d4 exd4 6. cxd4 Bb4+ 7. Nc3 d5 8. exd5 Nxd5 9. Bd2 Bxc3 10. bxc3 0-0 11. 0-0 Be6 12. Ng5 Qf6 13. Nxh7 Kxh7 14. Qh5+ Kg8 15. Bxd5 Bxd5 16. Qxd5 Rad8 17. Qb5 Rd6 18. Qxb7 Rb8 19. Qxc7 Rb2 20. Be3 Qe6 21. Rfe1 Rd7 22. Qg3 Ne7 23. Bg5 Rxa2 24. Rac1 Re2 25. Rxe2 Qxe2 26. Qe3 Qb2 27. Re1 f6 28. Qe6+ 1-0